La Educación y la reforma de la educación en cinco países Centroamericanos /

Gardado en:
Detalles Bibliográficos
Autor Principal: Arríen, Juan Bautista
Autores Corporativos: UCA. Programa de promoción de la reforma educativa en América Latina, PREAL
Outros autores: coord
Formato: Texto
Publicado: Managua: UCA
Etiquetas: Engadir etiqueta
Sen Etiquetas, Sexa o primeiro en etiquetar este rexistro!

MARC

LEADER 00000 a a2200000 04500
001 26531
003
040
090 |a 148805  
100 |a Arríen, Juan Bautista  
110 |a UCA. Programa de promoción de la reforma educativa en América Latina  
245 |a La Educación y la reforma de la educación en cinco países Centroamericanos /  |c UCA. Programa de promoción de la reforma educativa en América Latina  
260 |a Managua:   |b UCA  
300 |a 267 p.  
700 |a coord  
710 |a PREAL  
999 |c 5454  |d 5454